=LDR 00000nam 2200000 4500 =001 INLIS000000000057747 =005 20210409080720 =035 ##$$a 0010-0421000025 =008 210409################g##########0#ind## =041 ##$$a Ind =082 ##$$a 336.002 1 =090 ##$$a R.332.021 209 598, Sta s =245 ##$$a Statistik ekonomi - Keuangan Indonesia = Indonesian finansial statistics /$c Bank Indonesia =260 ##$$a Jakarta :$b Bank Indonesia,$c 2009 =300 ##$$a xi, 180 hlm. : $b ilus. ; $c 28 x 21 cm. =650 #4$$a Statistik =850 ##$$a NBPNMAT =084 ##$$a 336.002 1 STA s =250 ##$$a Vol. XI No. 3 Maret 2009 =020 ##$$a ISSN : 0126 - 3846 =710 #$$a Bank Indonesia =990 ##$$a 30900071 =990 ##$$a 30900074